| 000 | 01262nam a2200325 a 4500 | ||
|---|---|---|---|
| 999 |
_c3444 _d3444 |
||
| 003 | AKMAL | ||
| 005 | 20170523085416.0 | ||
| 008 | 170523s2005 cau e 001 0 eng d | ||
| 020 |
_a0787973017 (pbk.) : _cRM158.92 |
||
| 040 | _aAKMAL | ||
| 082 | 0 | 0 |
_a658.407 VAL _222 |
| 090 | 0 | 0 |
_a658.407 _bVAL |
| 100 | 1 |
_aValerio, Anna Marie, _d1949- _96928 |
|
| 245 | 1 | 0 |
_aExecutive coaching : _ba guide for the HR professional / _cAnna Marie Valerio and Robert J. Lee |
| 260 |
_aSan Francisco, Calif. : _bPfeiffer, _c2005 |
||
| 300 |
_axi, 222p. ; _c23cm. |
||
| 504 | _aIncludes index | ||
| 504 | _aBibliography: p. 213-215 | ||
| 505 | 0 | _aCoaching as a service -- The roles involved in coaching -- Special topics -- In the words of clients -- Reproducible resources and forms | |
| 650 | 0 |
_aExecutive coaching _96929 |
|
| 700 | 1 |
_aLee, Robert J., _d1939- _96930 |
|
| 856 | 4 | 1 |
_3Table of contents _uhttp://www.loc.gov/catdir/toc/ecip0419/2004014812.html |
| 942 |
_2ddc _cBOOK |
||